000 00320nam a22001457a 4500
008 210512b ||||| |||| 00| 0 eng d
020 _a2900321861589
041 _aeng
080 _25th
_a611
082 _a611
100 _a6
101 _aANA
245 _aAnatomy & Physiology
_cElaine N. Marieb
942 _2udc
_cBK
999 _c57298
_d57298